Paroles Upendi - Le roi lion 2 (Disney) - Statistiques

Statistiques générales
  • Ce quiz a été pris 259 fois
  • Le résultat moyen est 188 sur 242
Statistiques - réponses
Personnage Parolesdu % Correct
À
98%
à
98%
la
98%
Upendi
98%
est
97%
le
96%
un
94%
de
93%
93%
Kiara
93%
pas
92%
tout
92%
on
90%
quand
90%
c'est
89%
fruit
89%
les
89%
heureux
88%
passion
86%
bien
85%
Rafiki Je
85%
merveilleux
85%
monde
85%
nuit
85%
deux
84%
cette
83%
en
83%
et
83%
mieux
83%
toute
83%
folie
81%
endroit
80%
oublie
79%
vie
79%
mais
78%
connais
77%
dans
77%
Rafiki Il
77%
ravi
77%
son
77%
ta
77%
amour
76%
au
76%
des
76%
ça
74%
du
73%
n'est
73%
pays
73%
quel
72%
plane
71%
singes
69%
sont
69%
tam-tam
69%
charmant
67%
dire
67%
veut
67%
étoiles
65%
ils
65%
rose
65%
vous
64%
morose
62%
vers
62%
complètement
61%
rhino
61%
n'est-ce
60%
flamants
58%
fleur
58%
plonge
58%
balance
57%
oui
57%
tu
56%
bonheur
55%
déments
55%
est-ce
55%
lotus
55%
parfum
55%
sous
55%
te
55%
coeur
54%
soleil
54%
vapeurs
54%
volent
54%
l'amour
53%
attention
52%
grand
52%
l'hippopotame
52%
vin
52%
boit
51%
Fais
51%
ton
51%
donne
50%
garde
50%
plongeon
49%
prends
49%
partout
48%
yeux
48%
profond
46%
d'ouvrir
45%
fond
45%
suffit
45%
Rafiki Bienvenue
44%
laisse
43%
apesanteur
42%
trouveras
42%
comme
40%
palme
40%
respire
39%
oiseau
38%
Kilimandjaro
37%
voler
37%
pourras
36%
flotter
35%
lourd
34%
marcher
32%
Tanganyika
14%
Aucun quiz correspondant
Distribution des résultats
% des personnes avec chaque résultat
Percentile par nombre de réponses
Votre historique - résultats
Vous n’avez pas pris ce quiz